000 01291nam a2200217Ia 4500
003 Ost
005 20260507075022.0
008 260507s9999||||xx |||||||||||||| ||und||
040 _cfsecg
041 _aara
082 _a330
100 _aحسن، توفيق عبد الرحيم يوسف
_eمؤلف
245 0 _aإدارة الأعمال التجارية الصغيرة /
_c توفيق عبد الرحيم يوسف حسن
260 _aعمان:
_bدار الصفاء للنشر والتوزيع,
_c2002
300 _a319 صفحة؛
_bإيضاحات ؛
_c24 سم
520 _aمدخل الى المشروعات الصغيرة- الملكية- تأسيس المشروع الصغير- مصادر تمويل المشروعات الصغيرة- إختيار الموقع للمشروع الصغير- التسويق في المشروعات الصغيرة- تقدير حجم الأسواق- إدارة المشتريات والمستودعات في المشروعات الصغيرة- قروض العملاء- التأمين والمخاطر والسرقة-محاسبة المشروعات الصغيرة- دور الحكومة في المشروعات الصغيرة
653 _aإدارة الأعمال
653 _aالتجارة
653 _aالمشروعات
942 _cكتاب
999 _c42291
_d42291